| 000 | 00358nam a2200145 a 4500 | ||
|---|---|---|---|
| 001 | 3449 | ||
| 003 | CDMR | ||
| 005 | 20130116135244.0 | ||
| 008 | 130130s ||||||||||||||||||||||||||||d | ||
| 040 |
_aCDMR _bcat _cCPC GIRONA |
||
| 100 | 1 |
_aNelson, Victoria _92488 |
|
| 245 | 1 | 0 |
_aSobre el bloqueig de l'escriptor _cNelson, Victoria |
| 260 | _bEmpuries | ||
| 942 | _cMON | ||
| 999 |
_c3449 _d3449 |
||